000 00683cam a2200205 4500
008 090401t1987 xxu||||| |||| 00| 0 eng d
020 _a0102131872
035 _a(Sirsi) u45060
041 _aeng
050 _a350.713
110 _aUnited Kingdom
_bNational Audit Office
_91350
245 _aReport by the Comptroller and Auditor General (on) Ministry of Defence and Property Services Agency control and management of the defence estate . Ordered by the House of Commons to be printed 16 January 1987
260 _aLondon
_bHMSO
_c1987
300 _a37p. ; 30cm.
350 _a5.4
490 _aHCP
_v131
650 _aESTATE MANAGEMENT
942 _n0
948 _c04/03/1997
999 _c91639
_d91639